Považská diaľnica. Bratislava - Žilina : Projekty a stavby
Na minha lista:
| Main Authors: | , |
|---|---|
| Formato: | Livro |
| Idioma: | eslovaco |
| Publicado em: |
Bratislava :
Jaga,
2007
|
| Edição: | 1.vyd. |
| Tags: |
Sem tags, seja o primeiro a adicionar uma tag!
|
MARC
| LEADER | 00000nam a22000003a 4500 | ||
|---|---|---|---|
| 001 | stu175971 | ||
| 005 | 20150617225559.1 | ||
| 008 | 081119s2007----xo------------------slo-d | ||
| 020 | |a 978-80-8076-050-2 | ||
| 040 | |a STU |b slo | ||
| 041 | 0 | |a slo | |
| 044 | |a xo | ||
| 080 | |a 625.711.3 | ||
| 100 | 1 | |a Gschwendt, Ivan, |d 1934- |4 aut |u V120 |U SvF Stavebná fakulta |T SvF Katedra dopravných stavieb |X 951 |U V120 |Y 12 |7 A000000951 | |
| 245 | 1 | |a Považská diaľnica. Bratislava - Žilina : |b Projekty a stavby | |
| 250 | |a 1.vyd. | ||
| 260 | |a Bratislava : |b Jaga, |c 2007 | ||
| 300 | |a 223 s | ||
| 700 | 1 | |a kol. |4 aut | |
| 996 | |b 284V031251 |c V*50296/O-22440 |l VVT |s A |a 24 |w stu175971_0001 | ||